00634nam a2200229 a 4500001001300000003000900013005001700022008004100039020001000080082001600090100001900106245002100125260003200146300000900178500003500187650001600222700001900238902000800257942000700265952011700272999001500389nice12345678IN_TiNIC20260116013026.0070618s2000 lona grp 000 0 eng  ac10000a709.55bBEL aBell, Gertrude aPersian Pictures aLondon bNo Publisherc2000 a253p aincludes index and biblioraphy aArt-Iranian1 aBell, Gertrude bSRS cBK 001040708StackRoom-aHMIbHMId2007-06-18g100.00l0o709.55 BELp013897r2007-06-18v100.00w2007-06-18yBK c9324d9324